Dates Reg Totalitaires - Statistiques

Statistiques générales
  • Ce quiz a été pris 4 fois
  • Le résultat moyen est 6 sur 36
Statistiques - réponses
Hint Réponse % Correct
1953 Mort de Staline
50%
OCT 1917 Révolution Bolchévique (Lénine)
50%
1919 Traité de Versailles
50%
1945 Assassinat de Mussolini
25%
JUIN 1924 Assassinat Matteoti
25%
1919-1920 Biennio Rosso "Deux Années Rouges"
25%
1910 Création Confindustria
25%
1930 Création du Goulag
25%
1931-1933 Grandes famines
25%
1929 "L'année du Grand Tournant" dékoulakisation, début de la collectivisation
25%
1924 Lenine meurt, Staline sort vainqueur de la guerre de succession avec Trotski
25%
1925-1926 Lois Fascistissimes
25%
27 OCT 1922 Marche sur Rome
25%
1922 Naissance de l'URSS
25%
1921-1928 NEP Nouvelle Politique Economique
25%
1926 Opera Nazionale Balilla
25%
MAI 1926 Opera Nazionale Dopolavoro
25%
1929-1933 Plan de liquidation des Koulaks par Molotov
25%
1945 Suicide de Hitler
25%
1938 Anschluss
0%
1921 Création du PNF par Mussolini
0%
1920 Creéation de la NSDAP
0%
JAN 1925 Discours Mussolini affirmant la dictature
0%
MAI 1925 Dissolution parlement, remplacé par Grand Conseil Fasciste
0%
AVRIL 1933 Göring et la Gestapo
0%
1936-1938 "Grande Terreur" Purge de Moscou
0%
1934-1943 G. Velpi à la tête de la Confindustria
0%
AOUT 1934 Hitler devient Reichsführer
0%
FEV 1933 Incendie au Reichstag
0%
NOV 1938 La Nuit de Cristal
0%
JUIN 1934 La Nuit des Long Couteaux
0%
1935 Lois antisémites de Nuremberg
0%
1930 OVRA (Organisation pour la Vigilence et la Repression de l'Antifascisme)
0%
1923 PCUS Parti Unique qui devient la première institution de l'URSS
0%
MARS 1933 Premiers autodafés, ouverture de Dachau
0%
1933 Victoire aux législatives
0%
Aucun quiz correspondant
Distribution des résultats
% des personnes avec chaque résultat
Percentile par nombre de réponses
Votre historique - résultats
Vous n’avez pas pris ce quiz